The Immortals of Meluha (Record no. 90518)

MARC details
000 -LEADER
fixed length control field 00521nam a2200193Ia 4500
008 - FIXED-LENGTH DATA ELEMENTS--GENERAL INFORMATION
fixed length control field 230125s9999 xx 000 0 und d
020 ## - INTERNATIONAL STANDARD BOOK NUMBER
International Standard Book Number 978-93-80658-74-2
041 ## - LANGUAGE CODE
Language code of text/sound track or separate title eng
082 ## - DEWEY DECIMAL CLASSIFICATION NUMBER
Classification number 823
Item number TRI
100 ## - MAIN ENTRY--PERSONAL NAME
Personal name Tripathi A
9 (RLIN) 113414
245 ## - TITLE STATEMENT
Title The Immortals of Meluha
Remainder of title Shiva Trilogy 1
260 ## - PUBLICATION, DISTRIBUTION, ETC. (IMPRINT)
Date of publication, distribution, etc. 2010
Name of publisher, distributor, etc. Westland Publications
Place of publication, distribution, etc. Mumbai
300 ## - PHYSICAL DESCRIPTION
Extent 411p
500 ## - GENERAL NOTE
Keywords English Literature;Literature
650 ## - SUBJECT ADDED ENTRY--TOPICAL TERM
Topical term or geographic name as entry element English Literature
700 ## - ADDED ENTRY--PERSONAL NAME
Personal name Tripathi A
9 (RLIN) 113414
906 ## - LOCAL DATA ELEMENT F, LDF (RLIN)
b 39
Holdings
Withdrawn status Lost status Damaged status Not for loan Home library Current library Date acquired Vendor Cost, normal purchase price Bill number Total Checkouts Full call number Barcode Date last seen Cost, replacement price Bill Date Koha item type Original Barcode
        Smt. Hiraben Nanavati Institute of Management & Research for Women Smt. Hiraben Nanavati Institute of Management & Research for Women 21/03/2013 Pritam Book Centre 195.00 8409   823 TRI B11922 HIMR-BK-11922 25/01/2023 156.00 13/03/2013 Books B11922